[Event "Is Bankasi Online Satranc Turn.13-14 Yas"]
[Site "T#645826Mustafa Kemal"]
[Date "2020.05.08"]
[Round "4"]
[White "Keremyavuz52"]
[Black "Tugrakamilerog20"]
[Result "1-0"]
[WhiteElo "1623"]
[BlackElo "1624"]
[Annotator "NA RC"]
[PlyCount "59"]
[EventDate "2020.05.08"]
[EventType "swiss (blitz)"]

1. e4 {[%emt 0:00:04]} e5 {[%emt 0:00:02]} 2. Nf3 {[%emt 0:00:01]} Nc6 {[%emt 0:00:02]} 3. Bc4 {[%emt 0:00:02]} h6 {[%emt 0:00:03]} 4. c3 {[%emt 0:00:02]} Nf6 {[%emt 0:00:02]} 5. d4 {[%emt 0:00:03]} exd4 {[%emt 0:00:05]} 6. cxd4 {[%emt 0:00:00]} Bb4+ {[%emt 0:00:09]} 7. Nc3 {[%emt 0:00:06]} Nxe4 {[%emt 0:00:07]} 8. O-O {[%emt 0:00:02]} Bxc3 {[%emt 0:00:09]} 9. d5 {[%emt 0:00:05]} Ne5 {[%emt 0:00:12]} 10. bxc3 {[%emt 0:00:04]} Nxf3+ {[%emt 0:00:04]} 11. Qxf3 {[%emt 0:00:04]} Nf6 {[%emt 0:00:03]} 12. Ba3 {[%emt 0:00:08]} d6 {[%emt 0:00:08]} 13. Rfe1+ {[%emt 0:00:02]} Kf8 {[%emt 0:00:04]} 14. Bb5 {[%emt 0:00:03]} Bd7 {[%emt 0:00:12]} 15. Bxd7 {[%emt 0:00:03]} Qxd7 {[%emt 0:00:05]} 16. Re2 {[%emt 0:00:03]} c5 {[%emt 0:00:14]} 17. dxc6 {[%emt 0:00:02]} bxc6 {[%emt 0:00:05]} 18. Rd1 {[%emt 0:00:04]} Nd5 {[%emt 0:00:29]} 19. c4 {[%emt 0:00:12]} Nf6 {[%emt 0:00:22]} 20. Rxd6 {[%emt 0:00:05]} Qb7 {[%emt 0:00:22]} 21. Rd7+ {[%emt 0:00:05]} Kg8 {[%emt 0:00:16]} 22. Rxb7 {[%emt 0:00:03]} Rd8 {[%emt 0:00:12]} 23. h3 {[%emt 0:00:03]} Rd1+ {[%emt 0:00:15]} 24. Kh2 {[%emt 0:00:01]} Rc1 {[%emt 0:00:04]} 25. Qxc6 {[%emt 0:00:04]} Rb1 {[%emt 0:00:01]} 26. Rxb1 {[%emt 0:00:04]} Kh7 {[%emt 0:00:03]} 27. Be7 {[%emt 0:00:04]} Re8 {[%emt 0:00:03]} 28. Rbe1 {[%emt 0:00:06]} Ng4+ {[%emt 0:00:02]} 29. hxg4 {[%emt 0:00:02]} g5 {[%emt 0:00:01]} 30. Qe4+ {[%emt 0:00:04] Zaman (Lag: Av=0.64s, max=1.2s)} 1-0

[Event "Is Bankasi Online Satranc Turn.13-14 Yas"]
[Site "T#645826Mustafa Kemal"]
[Date "2020.05.08"]
[Round "4"]
[White "Mustafaayhanat22"]
[Black "Cemeyyam86"]
[Result "0-1"]
[WhiteElo "1621"]
[BlackElo "1658"]
[Annotator "NA RC"]
[PlyCount "98"]
[EventDate "2020.05.08"]
[EventType "swiss (blitz)"]

1. d4 {[%emt 0:00:02]} Nf6 {[%emt 0:00:01]} 2. Nc3 {[%emt 0:00:04]} e6 {[%emt 0:00:03]} 3. Bf4 {[%emt 0:00:01]} d5 {[%emt 0:00:02]} 4. Nf3 {[%emt 0:00:02]} Bd6 {[%emt 0:00:04]} 5. Bg3 {[%emt 0:00:03]} O-O {[%emt 0:00:02]} 6. e3 {[%emt 0:00:02]} b6 {[%emt 0:00:06]} 7. Nb5 {[%emt 0:00:09]} Ba6 {[%emt 0:00:31]} 8. Nxd6 {[%emt 0:00:04]} cxd6 {[%emt 0:00:12]} 9. Bxa6 {[%emt 0:00:05]} Nxa6 {[%emt 0:00:00]} 10. O-O {[%emt 0:00:02]} Re8 {[%emt 0:00:11]} 11. c4 {[%emt 0:00:05]} dxc4 {[%emt 0:00:08]} 12. Qa4 {[%emt 0:00:03]} Nc7 {[%emt 0:00:14]} 13. Qxc4 {[%emt 0:00:02]} Rc8 {[%emt 0:00:03]} 14. Qb4 {[%emt 0:00:16]} d5 {[%emt 0:00:12]} 15. Rac1 {[%emt 0:00:09]} Qd7 {[%emt 0:00:19]} 16. Ne5 {[%emt 0:00:12]} Qb5 {[%emt 0:00:07]} 17. Qxb5 {[%emt 0:00:09]} Nxb5 {[%emt 0:00:00]} 18. a4 {[%emt 0:00:13]} Nd6 {[%emt 0:00:17]} 19. Nd3 {[%emt 0:00:20]} Nde4 {[%emt 0:00:06]} 20. Be5 {[%emt 0:00:17]} Nd7 {[%emt 0:00:20]} 21. f3 {[%emt 0:00:17]} Nd2 {[%emt 0:00:07]} 22. Rfd1 {[%emt 0:00:23]} Nb3 {[%emt 0:00:10]} 23. Rc3 {[%emt 0:00:09]} Rxc3 {[%emt 0:00:07]} 24. bxc3 {[%emt 0:00:03]} Rc8 {[%emt 0:00:02]} 25. e4 {[%emt 0:00:28]} dxe4 {[%emt 0:00:05]} 26. fxe4 {[%emt 0:00:02]} Rxc3 {[%emt 0:00:03]} 27. Kf2 {[%emt 0:00:06]} Nxe5 {[%emt 0:00:05]} 28. Nxe5 {[%emt 0:00:01]} Rc2+ {[%emt 0:00:03]} 29. Kf3 {[%emt 0:00:02]} Rd2 {[%emt 0:00:05]} 30. Rxd2 {[%emt 0:00:02]} Nxd2+ {[%emt 0:00:00]} 31. Ke2 {[%emt 0:00:01]} Nb3 {[%emt 0:00:03]} 32. Nc6 {[%emt 0:00:05]} Kf8 {[%emt 0:00:03]} 33. Kd3 {[%emt 0:00:03]} a5 {[%emt 0:00:05]} 34. Na7 {[%emt 0:00:05]} Ke8 {[%emt 0:00:03]} 35. Nb5 {[%emt 0:00:01]} Kd7 {[%emt 0:00:02]} 36. Nc3 {[%emt 0:00:02]} Nc1+ {[%emt 0:00:06]} 37. Kc2 {[%emt 0:00:02]} Ne2 {[%emt 0:00:01]} 38. Kd2 {[%emt 0:00:01]} Nf4 {[%emt 0:00:02]} 39. Nb5 {[%emt 0:00:01]} Nxg2 {[%emt 0:00:01]} 40. Kd3 {[%emt 0:00:07]} Nf4+ {[%emt 0:00:01]} 41. Ke3 {[%emt 0:00:01]} Ng6 {[%emt 0:00:01]} 42. Kf3 {[%emt 0:00:03]} e5 {[%emt 0:00:02]} 43. d5 {[%emt 0:00:01]} Ne7 {[%emt 0:00:02]} 44. Ke3 {[%emt 0:00:01]} f5 {[%emt 0:00:03]} 45. Nc3 {[%emt 0:00:03]} fxe4 {[%emt 0:00:01]} 46. Kxe4 {[%emt 0:00:01]} Kd6 {[%emt 0:00:02]} 47. Nb5+ {[%emt 0:00:01]} Kc5 {[%emt 0:00:02]} 48. Kxe5 {[%emt 0:00:02]} Nxd5 {[%emt 0:00:02]} 49. Na7 {[%emt 0:00:06]} Nc3 {[%emt 0:00:02] . Zaman (Lag: Av=1.18s, max=4.1s)} 0-1

[Event "Is Bankasi Online Satranc Turn.13-14 Yas"]
[Site "T#645826Mustafa Kemal"]
[Date "2020.05.08"]
[Round "4"]
[White "Aliosmanalanba26"]
[Black "Efehanbasaran68"]
[Result "1-0"]
[WhiteElo "1620"]
[BlackElo "1658"]
[Annotator "NA RC"]
[PlyCount "73"]
[EventDate "2020.05.08"]
[EventType "swiss (blitz)"]

1. Nf3 {[%emt 0:00:03]} Nc6 {[%emt 0:00:02]} 2. d4 {[%emt 0:00:03]} d5 {[%emt 0:00:03]} 3. c4 {[%emt 0:00:03]} dxc4 {[%emt 0:00:02]} 4. e3 {[%emt 0:00:04]} Nf6 {[%emt 0:00:05]} 5. Bxc4 {[%emt 0:00:02]} Bg4 {[%emt 0:00:02]} 6. Qb3 {[%emt 0:00:22]} e6 {[%emt 0:00:17]} 7. Qxb7 {[%emt 0:00:47]} Bxf3 {[%emt 0:00:17]} 8. gxf3 {[%emt 0:00:05]} Na5 {[%emt 0:00:03]} 9. Qb5+ {[%emt 0:00:03]} c6 {[%emt 0:00:18]} 10. Qa4 {[%emt 0:00:02]} Qb6 {[%emt 0:00:19]} 11. Nc3 {[%emt 0:00:40]} Bb4 {[%emt 0:00:17]} 12. Bd3 {[%emt 0:00:14]} Rd8 {[%emt 0:00:36]} 13. Qc2 {[%emt 0:00:31]} O-O {[%emt 0:00:21]} 14. O-O {[%emt 0:00:11]} c5 {[%emt 0:00:17]} 15. a3 {[%emt 0:00:02]} c4 {[%emt 0:00:06]} 16. axb4 {[%emt 0:00:08]} cxd3 {[%emt 0:00:06]} 17. bxa5 {[%emt 0:00:02]} dxc2 {[%emt 0:00:04]} 18. axb6 {[%emt 0:00:02]} axb6 {[%emt 0:00:00]} 19. Bd2 {[%emt 0:00:06]} Nd5 {[%emt 0:00:02]} 20. Rac1 {[%emt 0:00:02]} Nxc3 {[%emt 0:00:01]} 21. bxc3 {[%emt 0:00:01]} Rd5 {[%emt 0:00:01]} 22. Rxc2 {[%emt 0:00:01]} Rg5+ {[%emt 0:00:01]} 23. Kh1 {[%emt 0:00:01]} f5 {[%emt 0:00:02]} 24. e4 {[%emt 0:00:02]} Rg6 {[%emt 0:00:02]} 25. Rg1 {[%emt 0:00:04]} Rxg1+ {[%emt 0:00:02]} 26. Kxg1 {[%emt 0:00:01]} Rf6 {[%emt 0:00:00]} 27. Kf1 {[%emt 0:00:02]} Rh6 {[%emt 0:00:01]} 28. Bxh6 {[%emt 0:00:02]} gxh6 {[%emt 0:00:00]} 29. Rb2 {[%emt 0:00:00]} Kf7 {[%emt 0:00:01]} 30. Rxb6 {[%emt 0:00:02]} Kg6 {[%emt 0:00:00]} 31. Rxe6+ {[%emt 0:00:02]} Kg5 {[%emt 0:00:00]} 32. d5 {[%emt 0:00:01]} fxe4 {[%emt 0:00:01]} 33. fxe4 {[%emt 0:00:02]} Kf4 {[%emt 0:00:01]} 34. d6 {[%emt 0:00:01]} h5 {[%emt 0:00:01]} 35. d7 {[%emt 0:00:01]} Kg4 {[%emt 0:00:00]} 36. d8=Q {[%emt 0:00:02]} h4 {[%emt 0:00:00]} 37. Qg8+ {[%emt 0:00:04] (Lag: Av=0.73s, max=2.0s)} 1-0

[Event "Is Bankasi Online Satranc Turn.13-14 Yas"]
[Site "T#645826Mustafa Kemal"]
[Date "2020.05.08"]
[Round "4"]
[White "Anilalabas22"]
[Black "Mertkoksal90"]
[Result "1-0"]
[WhiteElo "1620"]
[BlackElo "1693"]
[Annotator "NA RC"]
[PlyCount "97"]
[EventDate "2020.05.08"]
[EventType "swiss (blitz)"]

1. e4 {[%emt 0:00:01]} c5 {[%emt 0:00:02]} 2. Nf3 {[%emt 0:00:01]} Nc6 {[%emt 0:00:01]} 3. Bb5 {[%emt 0:00:02]} e6 {[%emt 0:00:02]} 4. O-O {[%emt 0:00:02]} Nge7 {[%emt 0:00:01]} 5. Re1 {[%emt 0:00:01]} g6 {[%emt 0:00:01]} 6. c3 {[%emt 0:00:02]} Bg7 {[%emt 0:00:01]} 7. d4 {[%emt 0:00:02]} cxd4 {[%emt 0:00:00]} 8. cxd4 {[%emt 0:00:00]} d5 {[%emt 0:00:04]} 9. e5 {[%emt 0:00:04]} O-O {[%emt 0:00:02]} 10. a3 {[%emt 0:00:02]} Qb6 {[%emt 0:00:03]} 11. Bf1 {[%emt 0:00:03]} a6 {[%emt 0:00:09]} 12. Qe2 {[%emt 0:00:10]} Na5 {[%emt 0:00:06]} 13. Nbd2 {[%emt 0:00:04]} Bd7 {[%emt 0:00:04]} 14. Qd1 {[%emt 0:00:02]} Bb5 {[%emt 0:00:05]} 15. b4 {[%emt 0:00:04]} Nac6 {[%emt 0:00:12]} 16. Bxb5 {[%emt 0:00:11]} Qxb5 {[%emt 0:00:00]} 17. Nb3 {[%emt 0:00:01]} a5 {[%emt 0:00:08]} 18. Nxa5 {[%emt 0:00:13]} Nxa5 {[%emt 0:00:00]} 19. bxa5 {[%emt 0:00:01]} Qxa5 {[%emt 0:00:08]} 20. Bd2 {[%emt 0:00:02]} Qc7 {[%emt 0:00:07]} 21. Bb4 {[%emt 0:00:01]} Rfe8 {[%emt 0:00:03]} 22. Rc1 {[%emt 0:00:01]} Nc6 {[%emt 0:00:03]} 23. Bd6 {[%emt 0:00:03]} Qd7 {[%emt 0:00:06]} 24. Qd3 {[%emt 0:00:02]} f6 {[%emt 0:00:02]} 25. Rb1 {[%emt 0:00:04]} fxe5 {[%emt 0:00:07]} 26. dxe5 {[%emt 0:00:02]} Na5 {[%emt 0:00:10]} 27. Nd4 {[%emt 0:00:11]} Nc4 {[%emt 0:00:05]} 28. Nb5 {[%emt 0:00:08]} Nxd6 {[%emt 0:00:16]} 29. Nxd6 {[%emt 0:00:02]} Reb8 {[%emt 0:00:08]} 30. Rb6 {[%emt 0:00:13]} Ra6 {[%emt 0:00:07]} 31. Rxa6 {[%emt 0:00:04]} bxa6 {[%emt 0:00:00]} 32. Qxa6 {[%emt 0:00:01]} Bxe5 {[%emt 0:00:10]} 33. Nb5 {[%emt 0:00:05]} Qxb5 {[%emt 0:00:09]} 34. Qxe6+ {[%emt 0:00:03]} Kf8 {[%emt 0:00:06]} 35. Qxe5 {[%emt 0:00:01]} Rb7 {[%emt 0:00:17]} 36. g3 {[%emt 0:00:09]} Qd7 {[%emt 0:00:06]} 37. Qh8+ {[%emt 0:00:03]} Kf7 {[%emt 0:00:04]} 38. Qxh7+ {[%emt 0:00:03]} Kf6 {[%emt 0:00:01]} 39. Qh4+ {[%emt 0:00:02]} Kg7 {[%emt 0:00:05]} 40. Qd4+ {[%emt 0:00:06]} Kf7 {[%emt 0:00:04]} 41. Re3 {[%emt 0:00:05]} Kf8 {[%emt 0:00:25]} 42. Qh8+ {[%emt 0:00:03]} Kf7 {[%emt 0:00:01]} 43. Rf3+ {[%emt 0:00:01]} Qf5 {[%emt 0:00:08]} 44. Rxf5+ {[%emt 0:00:03]} gxf5 {[%emt 0:00:00]} 45. Qe5 {[%emt 0:00:03]} Rd7 {[%emt 0:00:04]} 46. Qxf5+ {[%emt 0:00:02]} Ke8 {[%emt 0:00:00]} 47. Qg6+ {[%emt 0:00:06]} Kd8 {[%emt 0:00:02]} 48. h4 {[%emt 0:00:04]} d4 {[%emt 0:00:01]} 49. Qd3 {[%emt 0:00:01] Mertkoksal90 terk eder (Lag: Av=0.43s, max=2.0s)} 1-0

[Event "Is Bankasi Online Satranc Turn.13-14 Yas"]
[Site "T#645826Mustafa Kemal"]
[Date "2020.05.08"]
[Round "4"]
[White "Muratyigitsibl92"]
[Black "Kadirkaanmazlu94"]
[Result "1-0"]
[WhiteElo "1620"]
[BlackElo "1726"]
[Annotator "NA RC"]
[PlyCount "61"]
[EventDate "2020.05.08"]
[EventType "swiss (blitz)"]

1. e4 {[%emt 0:00:03]} e5 {[%emt 0:00:02]} 2. Nf3 {[%emt 0:00:03]} Nc6 {[%emt 0:00:01]} 3. Bc4 {[%emt 0:00:01]} Bc5 {[%emt 0:00:02]} 4. d3 {[%emt 0:00:01]} Nf6 {[%emt 0:00:02]} 5. O-O {[%emt 0:00:01]} h6 {[%emt 0:00:01]} 6. Nbd2 {[%emt 0:00:02]} d6 {[%emt 0:00:01]} 7. c3 {[%emt 0:00:01]} O-O {[%emt 0:00:02]} 8. h3 {[%emt 0:00:02]} Be6 {[%emt 0:00:02]} 9. Re1 {[%emt 0:00:03]} Bxc4 {[%emt 0:00:02]} 10. Nxc4 {[%emt 0:00:00]} a6 {[%emt 0:00:03]} 11. Be3 {[%emt 0:00:03]} Bxe3 {[%emt 0:00:09]} 12. Nxe3 {[%emt 0:00:00]} Qd7 {[%emt 0:00:03]} 13. Nh4 {[%emt 0:00:08]} Rfe8 {[%emt 0:00:02]} 14. Qf3 {[%emt 0:00:04]} Qe7 {[%emt 0:00:04]} 15. Nhf5 {[%emt 0:00:03]} Qd7 {[%emt 0:00:04]} 16. Nxh6+ {[%emt 0:00:03]} gxh6 {[%emt 0:00:07]} 17. Qxf6 {[%emt 0:00:02]} Qe6 {[%emt 0:00:04]} 18. Nd5 {[%emt 0:00:05]} Ne7 {[%emt 0:00:14]} 19. Qxe6 {[%emt 0:00:07]} fxe6 {[%emt 0:00:05]} 20. Nxc7 {[%emt 0:00:01]} Rec8 {[%emt 0:00:04]} 21. Nxa8 {[%emt 0:00:02]} Rxa8 {[%emt 0:00:00]} 22. d4 {[%emt 0:00:06]} exd4 {[%emt 0:00:02]} 23. cxd4 {[%emt 0:00:00]} Kh7 {[%emt 0:00:06]} 24. Rac1 {[%emt 0:00:02]} Nc6 {[%emt 0:00:04]} 25. d5 {[%emt 0:00:03]} exd5 {[%emt 0:00:02]} 26. exd5 {[%emt 0:00:00]} Nd4 {[%emt 0:00:02]} 27. Rc7+ {[%emt 0:00:04]} Kh8 {[%emt 0:00:02]} 28. Rxb7 {[%emt 0:00:04]} Rg8 {[%emt 0:00:01]} 29. Ree7 {[%emt 0:00:08]} Nf3+ {[%emt 0:00:12]} 30. Kf1 {[%emt 0:00:03]} Ng5 {[%emt 0:00:13]} 31. h4 {[%emt 0:00:01] Kadirkaanmazlu94 terk eder (Lag: Av=0.78s, max=2.3s)} 1-0

[Event "Is Bankasi Online Satranc Turn.13-14 Yas"]
[Site "T#645826Mustafa Kemal"]
[Date "2020.05.08"]
[Round "4"]
[White "Omeryigityaman82"]
[Black "tunckucuknane94"]
[Result "1-0"]
[WhiteElo "1620"]
[BlackElo "1559"]
[Annotator "NA RC"]
[PlyCount "71"]
[EventDate "2020.05.08"]
[EventType "swiss (blitz)"]

1. d4 {[%emt 0:00:05]} d5 {[%emt 0:00:02]} 2. Nf3 {[%emt 0:00:02]} e6 {[%emt 0:00:02]} 3. e3 {[%emt 0:00:01]} Nf6 {[%emt 0:00:01]} 4. Bd3 {[%emt 0:00:01]} c5 {[%emt 0:00:01]} 5. c3 {[%emt 0:00:02]} Nc6 {[%emt 0:00:01]} 6. O-O {[%emt 0:00:02]} Qb6 {[%emt 0:00:05]} 7. Nbd2 {[%emt 0:00:03]} Bd6 {[%emt 0:00:04]} 8. Qe2 {[%emt 0:00:05]} O-O {[%emt 0:00:02]} 9. e4 {[%emt 0:00:03]} dxe4 {[%emt 0:00:02]} 10. Nxe4 {[%emt 0:00:02]} Nxe4 {[%emt 0:00:22]} 11. Qxe4 {[%emt 0:00:04]} f5 {[%emt 0:00:01]} 12. Qh4 {[%emt 0:00:06]} Be7 {[%emt 0:00:04]} 13. Qf4 {[%emt 0:00:08]} cxd4 {[%emt 0:00:19]} 14. cxd4 {[%emt 0:00:05]} Nb4 {[%emt 0:00:11]} 15. Bb1 {[%emt 0:00:08]} Bd6 {[%emt 0:00:02]} 16. Qd2 {[%emt 0:00:12]} Nd5 {[%emt 0:00:24]} 17. a3 {[%emt 0:00:12]} Bf4 {[%emt 0:00:02]} 18. Qe2 {[%emt 0:00:05]} Bxc1 {[%emt 0:00:16]} 19. Rxc1 {[%emt 0:00:02]} Nf4 {[%emt 0:00:14]} 20. Qd2 {[%emt 0:00:07]} Nd5 {[%emt 0:00:13]} 21. Ba2 {[%emt 0:00:08]} Bd7 {[%emt 0:00:13]} 22. Ne5 {[%emt 0:00:04]} Bb5 {[%emt 0:00:12]} 23. a4 {[%emt 0:00:14]} Bxa4 {[%emt 0:00:20]} 24. Bxd5 {[%emt 0:00:04]} exd5 {[%emt 0:00:14]} 25. Rxa4 {[%emt 0:00:03]} Rae8 {[%emt 0:00:14]} 26. Raa1 {[%emt 0:00:09]} h6 {[%emt 0:00:04]} 27. Nd7 {[%emt 0:00:02]} Qe6 {[%emt 0:00:06]} 28. Nxf8 {[%emt 0:00:02]} Kxf8 {[%emt 0:00:01]} 29. Re1 {[%emt 0:00:03]} Qd7 {[%emt 0:00:02]} 30. Rxe8+ {[%emt 0:00:02]} Qxe8 {[%emt 0:00:01]} 31. h3 {[%emt 0:00:01]} g5 {[%emt 0:00:02]} 32. Qb4+ {[%emt 0:00:05]} Kf7 {[%emt 0:00:02]} 33. Qxb7+ {[%emt 0:00:03]} Kf6 {[%emt 0:00:02]} 34. Ra6+ {[%emt 0:00:06]} Qe6 {[%emt 0:00:07]} 35. Rxe6+ {[%emt 0:00:02]} Kxe6 {[%emt 0:00:00] tunckucuknane94 beraberlik teklif ediyor} 36. Qxa7 {[%emt 0:00:04] tunckucuknane94 terk eder (Lag: Av=0.55s, max=1.4s)} 1-0

[Event "Is Bankasi Online Satranc Turn.13-14 Yas"]
[Site "T#645826Mustafa Kemal"]
[Date "2020.05.08"]
[Round "4"]
[White "Yusufgunal46"]
[Black "Alitutuncu38"]
[Result "0-1"]
[WhiteElo "1613"]
[BlackElo "1557"]
[Annotator "NA RC"]
[PlyCount "44"]
[EventDate "2020.05.08"]
[EventType "swiss (blitz)"]

1. d4 {[%emt 0:00:04]} g6 {[%emt 0:00:02]} 2. Bf4 {[%emt 0:00:02]} d6 {[%emt 0:00:01]} 3. e3 {[%emt 0:00:01]} Bg7 {[%emt 0:00:06]} 4. Nf3 {[%emt 0:00:02]} Nf6 {[%emt 0:00:03]} 5. Be2 {[%emt 0:00:02]} O-O {[%emt 0:00:02]} 6. h3 {[%emt 0:00:01]} Nc6 {[%emt 0:00:02]} 7. O-O {[%emt 0:00:05]} Re8 {[%emt 0:00:02]} 8. c4 {[%emt 0:00:21]} Bf5 {[%emt 0:00:04]} 9. Nc3 {[%emt 0:00:08]} Qc8 {[%emt 0:00:11]} 10. Rc1 {[%emt 0:00:08]} e5 {[%emt 0:00:02]} 11. Bh2 {[%emt 0:00:03]} exd4 {[%emt 0:00:11]} 12. exd4 {[%emt 0:00:02]} Ne4 {[%emt 0:00:03]} 13. d5 {[%emt 0:00:14]} Nxc3 {[%emt 0:00:13]} 14. bxc3 {[%emt 0:00:02]} Ne5 {[%emt 0:00:04]} 15. Nd4 {[%emt 0:00:20]} Qd7 {[%emt 0:00:21]} 16. f4 {[%emt 0:00:06]} Bxh3 {[%emt 0:00:48]} 17. fxe5 {[%emt 0:00:06]} Bxe5 {[%emt 0:00:04]} 18. gxh3 {[%emt 0:00:08]} Qxh3 {[%emt 0:00:03]} 19. Bxe5 {[%emt 0:00:08]} Rxe5 {[%emt 0:00:02]} 20. Nf3 {[%emt 0:00:26]} Qg3+ {[%emt 0:00:15]} 21. Kh1 {[%emt 0:00:01]} Rh5+ {[%emt 0:00:01]} 22. Nh4 {[%emt 0:00:05]} Rxh4# {[%emt 0:00:02] (Lag: Av=0.62s, max=0.9s)} 0-1

[Event "Is Bankasi Online Satranc Turn.13-14 Yas"]
[Site "T#645826Mustafa Kemal"]
[Date "2020.05.08"]
[Round "4"]
[White "Sinasiatabozku42"]
[Black "Ahmetkeremguve10"]
[Result "1-0"]
[WhiteElo "1608"]
[BlackElo "1660"]
[Annotator "NA RC"]
[PlyCount "47"]
[EventDate "2020.05.08"]
[EventType "swiss (blitz)"]

1. c4 {[%emt 0:00:08]} Nf6 {[%emt 0:00:03]} 2. Nc3 {[%emt 0:00:11]} c6 {[%emt 0:00:02]} 3. g3 {[%emt 0:00:04]} e6 {[%emt 0:00:02]} 4. Bg2 {[%emt 0:00:02]} d5 {[%emt 0:00:02]} 5. cxd5 {[%emt 0:00:03]} exd5 {[%emt 0:00:02]} 6. d4 {[%emt 0:00:01]} Bd6 {[%emt 0:00:03]} 7. f4 {[%emt 0:00:04]} O-O {[%emt 0:00:03]} 8. Nf3 {[%emt 0:00:02]} h6 {[%emt 0:00:05]} 9. O-O {[%emt 0:00:02]} Bf5 {[%emt 0:00:03]} 10. Nh4 {[%emt 0:00:09]} Bh7 {[%emt 0:00:13]} 11. f5 {[%emt 0:00:07]} Nbd7 {[%emt 0:00:08]} 12. e4 {[%emt 0:00:05]} dxe4 {[%emt 0:00:33]} 13. Nxe4 {[%emt 0:00:00]} Nxe4 {[%emt 0:00:03]} 14. Bxe4 {[%emt 0:00:02]} Qc7 {[%emt 0:00:10]} 15. Bg2 {[%emt 0:00:12]} Nf6 {[%emt 0:00:12]} 16. b3 {[%emt 0:00:06]} Nd5 {[%emt 0:00:06]} 17. Qd2 {[%emt 0:00:16]} Rfe8 {[%emt 0:00:17]} 18. Bxd5 {[%emt 0:00:10]} cxd5 {[%emt 0:00:07]} 19. f6 {[%emt 0:00:02]} g5 {[%emt 0:00:29]} 20. Nf5 {[%emt 0:00:42]} Bxf5 {[%emt 0:00:20]} 21. Rxf5 {[%emt 0:00:03]} Bxg3 {[%emt 0:00:06]} 22. Rxg5+ {[%emt 0:00:13]} hxg5 {[%emt 0:00:15]} 23. Qxg5+ {[%emt 0:00:00]} Kh7 {[%emt 0:00:13]} 24. Qg7# {[%emt 0:00:00] (Lag: Av=0.83s, max=1.4s)} 1-0

[Event "Is Bankasi Online Satranc Turn.13-14 Yas"]
[Site "T#645826Mustafa Kemal"]
[Date "2020.05.08"]
[Round "4"]
[White "Yigitemreyilma02"]
[Black "Caganbektas16"]
[Result "1/2-1/2"]
[WhiteElo "1608"]
[BlackElo "1604"]
[Annotator "NA RC"]
[PlyCount "110"]
[EventDate "2020.05.08"]
[EventType "swiss (blitz)"]

1. e4 {[%emt 0:00:06]} c5 {[%emt 0:00:03]} 2. Nf3 {[%emt 0:00:03]} g6 {[%emt 0:00:01]} 3. d4 {[%emt 0:00:03]} cxd4 {[%emt 0:00:02]} 4. Nxd4 {[%emt 0:00:01]} Bg7 {[%emt 0:00:01]} 5. c4 {[%emt 0:00:02]} Nc6 {[%emt 0:00:01]} 6. Be3 {[%emt 0:00:02]} Nf6 {[%emt 0:00:01]} 7. Nc3 {[%emt 0:00:01]} O-O {[%emt 0:00:01]} 8. f3 {[%emt 0:00:01]} d6 {[%emt 0:00:07]} 9. Be2 {[%emt 0:00:01]} Bd7 {[%emt 0:00:01]} 10. O-O {[%emt 0:00:01]} Rc8 {[%emt 0:00:00]} 11. Rc1 {[%emt 0:00:03]} a6 {[%emt 0:00:16]} 12. Qd2 {[%emt 0:00:04]} Ne5 {[%emt 0:00:05]} 13. b3 {[%emt 0:00:03]} Nc6 {[%emt 0:00:15]} 14. Kh1 {[%emt 0:00:04]} Nxd4 {[%emt 0:00:11]} 15. Bxd4 {[%emt 0:00:02]} Bc6 {[%emt 0:00:00]} 16. Nd5 {[%emt 0:00:03]} Bxd5 {[%emt 0:00:14]} 17. cxd5 {[%emt 0:00:03]} Qd7 {[%emt 0:00:02]} 18. Rfd1 {[%emt 0:00:22]} Rxc1 {[%emt 0:00:07]} 19. Rxc1 {[%emt 0:00:01]} Rc8 {[%emt 0:00:00]} 20. Rc3 {[%emt 0:00:05]} Ne8 {[%emt 0:00:06]} 21. Bxg7 {[%emt 0:00:06]} Kxg7 {[%emt 0:00:01]} 22. Qb2 {[%emt 0:00:06]} Kg8 {[%emt 0:00:04]} 23. Qc2 {[%emt 0:00:05]} Rxc3 {[%emt 0:00:02]} 24. Qxc3 {[%emt 0:00:01]} Qc7 {[%emt 0:00:01]} 25. Qxc7 {[%emt 0:00:03]} Nxc7 {[%emt 0:00:00]} 26. Kg1 {[%emt 0:00:01]} Kg7 {[%emt 0:00:01]} 27. Kf2 {[%emt 0:00:01]} Kf8 {[%emt 0:00:07]} 28. Ke3 {[%emt 0:00:01]} Ke8 {[%emt 0:00:01]} 29. Kd4 {[%emt 0:00:01]} Kd7 {[%emt 0:00:01]} 30. f4 {[%emt 0:00:01]} Ne8 {[%emt 0:00:04]} 31. Bg4+ {[%emt 0:00:02]} Kc7 {[%emt 0:00:07]} 32. e5 {[%emt 0:00:04]} Ng7 {[%emt 0:00:09]} 33. g3 {[%emt 0:00:12]} Ne8 {[%emt 0:00:28]} 34. Bh3 {[%emt 0:00:07]} Ng7 {[%emt 0:00:03]} 35. g4 {[%emt 0:00:07]} h5 {[%emt 0:00:04]} 36. Ke4 {[%emt 0:00:13]} hxg4 {[%emt 0:00:16]} 37. Bxg4 {[%emt 0:00:04]} b5 {[%emt 0:00:01]} 38. Be2 {[%emt 0:00:10]} Kb6 {[%emt 0:00:04]} 39. a3 {[%emt 0:00:09]} Kc5 {[%emt 0:00:09]} 40. b4+ {[%emt 0:00:04]} Kb6 {[%emt 0:00:02]} 41. Bg4 {[%emt 0:00:08]} a5 {[%emt 0:00:08]} 42. Kd4 {[%emt 0:00:08]} axb4 {[%emt 0:00:02]} 43. axb4 {[%emt 0:00:01]} Ne8 {[%emt 0:00:03] Caganbektas16 beraberlik teklif ediyor} 44. Bd7 {[%emt 0:00:18]} Ng7 {[%emt 0:00:02]} 45. Bh3 {[%emt 0:00:04]} Ne8 {[%emt 0:00:06]} 46. Bc8 {[%emt 0:00:06]} Kc7 {[%emt 0:00:08]} 47. Bh3 {[%emt 0:00:02]} Kb6 {[%emt 0:00:02]} 48. e6 {[%emt 0:00:07]} f6 {[%emt 0:00:05]} 49. Bf1 {[%emt 0:00:04]} Nc7 {[%emt 0:00:02]} 50. Bd3 {[%emt 0:00:03]} f5 {[%emt 0:00:34]} 51. Be2 {[%emt 0:00:04]} Ne8 {[%emt 0:00:02]} 52. h4 {[%emt 0:00:04]} Nf6 {[%emt 0:00:01]} 53. Bf3 {[%emt 0:00:03]} Kb7 {[%emt 0:00:02]} 54. Kd3 {[%emt 0:00:05]} Kb6 {[%emt 0:00:02]} 55. Kd4 {[%emt 0:00:01]} Kb7 {[%emt 0:00:01] Caganbektas16 beraberlik teklif ediyor (Lag: Av=0.54s, max=2.0s)} 1/2-1/2